[Event "SVK-ch U12"]
[Site "Tatralandia"]
[Date "2024.04.12"]
[Round "9"]
[White "Kostiak, Ivan"]
[Black "Hryshko, Herman"]
[Result "1-0"]
[WhiteElo "1713"]
[BlackElo "1489"]
[PlyCount "151"]
[EventDate "2024.04.05"]
[EventType "swiss"]
[EventRounds "9"]
[EventCountry "SVK"]
[SourceTitle "CB16_2024"]
[SourceDate "2024.04.17"]
[SourceVersion "1"]
[SourceVersionDate "2024.04.17"]
[SourceQuality "1"]

1. d4 Nf6 2. Bg5 e6 3. Nf3 Be7 4. e3 Nd5 5. Bxe7 Nxe7 6. c4 0-0 7. Nc3 d5 8. Qc2 Nbc6 9. a3 h6 10. Bd3 a6 11. 0-0 b6 12. cxd5 exd5 13. Rac1 Na7 14. b4 c6 15. Ne2 Bg4 16. Ne5 Bxe2 17. Bxe2 b5 18. a4 Qd6 19. Qb3 Ng6 20. axb5 axb5 21. Nxg6 Qxg6 22. Ra1 Rfb8 23. Ra6 Nc8 24. Rfa1 Rxa6 25. Rxa6 Nb6 26. Bd3 Qd6 27. g3 g6 28. Qa2 Qxb4 29. Rxb6 Rxb6 30. Qa7 Qe1+ 31. Kg2 c5 32. Qxb6 c4 33. Qxb5 cxd3 34. Qxd3 Qa5 35. Qc2 Qd8 36. Qc6 Kg7 37. e4 dxe4 38. Qxe4 Kg8 39. Qe5 Qa8+ 40. d5 Kh7 41. Qd6 Kg7 42. Qc6 Qa1 43. d6 Qf6 44. Qd5 Qd8 45. d7 Kf8 46. Qd6+ Kg7 47. Kf3 Qa8+ 48. Kf4 Qd8 49. h4 g5+ 50. hxg5 Qxg5+ 51. Kf3 Qd8 52. Qe5+ Kf8 53. Qh8+ Ke7 54. Qxd8+ Kxd8 55. Kg4 Kxd7 56. Kh5 Ke6 57. Kxh6 Kf5 58. Kh5 Ke4 59. Kg4 Ke5 60. Kg5 Ke6 61. f4 Ke7 62. f5 Ke8 63. Kf6 Kf8 64. g4 Kg8 65. Ke7 Kg7 66. f6+ Kg8 67. g5 Kh7 68. Kxf7 Kh8 69. Ke7 Kg8 70. f7+ Kh7 71. g6+ Kg7 72. f8R Kh6 73. g7 Kh7 74. g8Q+ Kh6 75. Kf6 Kh5 76. Qg5# 1-0

[Event "SVK-ch U12"]
[Site "Tatralandia"]
[Date "2024.04.11"]
[Round "8"]
[White "Kovacik, Oliver1"]
[Black "Hryshko, Herman"]
[Result "0-1"]
[WhiteElo "1714"]
[BlackElo "1489"]
[PlyCount "190"]
[EventDate "2024.04.05"]
[EventType "swiss"]
[EventRounds "9"]
[EventCountry "SVK"]
[SourceTitle "CB16_2024"]
[SourceDate "2024.04.17"]
[SourceVersion "1"]
[SourceVersionDate "2024.04.17"]
[SourceQuality "1"]

1. d4 Nf6 2. Bf4 d6 3. e3 g6 4. Nf3 Bg7 5. h3 a6 6. Be2 Nc6 7. c3 0-0 8. 0-0 b6 9. Nbd2 Bb7 10. Bh2 Re8 11. Qc2 Qd7 12. Rad1 Rad8 13. Rfe1 Qc8 14. e4 Nd7 15. Bd3 e5 16. d5 Na7 17. b4 b5 18. a4 c6 19. axb5 cxb5 20. Nb3 Qc7 21. Na5 Ba8 22. Qd2 Rc8 23. Rc1 Qb8 24. Qe3 Nb6 25. Re2 Na4 26. Rec2 Qb6 27. Qxb6 Nxb6 28. c4 Bh6 29. Rb1 Na4 30. cxb5 Rxc2 31. Bxc2 Nc3 32. Rb3 Naxb5 33. Bd3 Rc8 34. Bxb5 Nxb5 35. Bg3 Rc3 36. Rb1 f5 37. exf5 gxf5 38. Rd1 Rc1 39. Rxc1 Bxc1 40. Nc6 Kf7 41. Ne1 Nc3 42. Nb8 Bb7 43. Nc6 Ke8 44. Nd3 Ba3 45. Bh4 Nxd5 46. Na5 Ba8 47. Nc4 e4 48. Nxd6+ Kd7 49. Ne5+ Kxd6 50. Nc4+ Kc6 51. Nxa3 Nxb4 52. Be7 Nd3 53. Nc2 Kd5 54. Bb4 f4 55. Kf1 Bc6 56. Bf8 Bb5 57. Ke2 Nb4+ 58. Kd2 Nxc2 59. Kxc2 Bd3+ 60. Kd2 Bf1 61. Bh6 Ke5 62. g3 fxg3 63. fxg3 Bxh3 64. Ke3 Bf5 65. Bf4+ Kd5 66. Bh6 Kc4 67. g4 Bg6 68. g5 a5 69. Bf8 a4 70. Be7 Kb3 71. Kd2 a3 72. Bf8 Kb2 73. Bg7+ Kb1 74. Ke3 a2 75. Bc3 a1Q 76. Bxa1 Kxa1 77. Kd2 Kb2 78. Ke3 Kc3 79. Ke2 Kd4 80. Kd2 Ke5 81. Ke3 Kf5 82. Ke2 Kxg5 83. Ke3 h5 84. Ke2 h4 85. Ke3 h3 86. Kd4 h2 87. Kd5 h1Q 88. Kd6 e3 89. Ke6 e2 90. Kd6 e1Q 91. Kd7 Qg2 92. Kd6 Qgd2+ 93. Kc6 Qec1+ 94. Kb5 Qdb2+ 95. Ka4 Qca1# 0-1

[Event "SVK-ch U12"]
[Site "Tatralandia"]
[Date "2024.04.05"]
[Round "1"]
[White "Hryshko, Herman"]
[Black "Vengrin, Leo"]
[Result "1-0"]
[WhiteElo "1489"]
[BlackElo "1000"]
[PlyCount "71"]
[EventDate "2024.04.05"]
[EventType "swiss"]
[EventRounds "9"]
[EventCountry "SVK"]
[SourceTitle "CB16_2024"]
[SourceDate "2024.04.17"]
[SourceVersion "1"]
[SourceVersionDate "2024.04.17"]
[SourceQuality "1"]

1. d4 g6 2. c4 Bg7 3. Nc3 Nf6 4. e4 d6 5. f4 Nc6 6. d5 Nb4 7. Qa4+ Nc6 8. dxc6 bxc6 9. Nf3 0-0 10. Be2 Bd7 11. 0-0 c5 12. Qc2 Bc6 13. Rd1 Ng4 14. Ng5 Qd7 15. Nf3 a5 16. h3 Nf6 17. Ne5 Qe8 18. Nxc6 Qxc6 19. Bf3 Qd7 20. e5 Rab8 21. exf6 Bxf6 22. Bg4 Qc6 23. Qe4 Qxe4 24. Nxe4 Bg7 25. Rb1 Rb6 26. b3 Rfb8 27. Bb2 Bh6 28. g3 a4 29. Nd2 f5 30. Bf3 Ra8 31. Bxa8 Ra6 32. Bd5+ Kf8 33. Bc3 Ke8 34. bxa4 Rxa4 35. Bc6+ Kd8 36. Rb8# 1-0